[Event "DEM U10w 2024"]
[Site "Willingen GER"]
[Date "2024.05.20"]
[Round "4"]
[White "Artemenko, Isabella"]
[Black "Kühn, Nicole"]
[Result "1-0"]
[Termination "normal"]
[Board "3"]
[WhiteElo "1237"]
[BlackElo "1477"]
[WhiteClock "01:01:52"]
[BlackClock "00:23:08"]
[PlyCount "145"]
[WhiteFideId "34639616"]
[BlackFideId "34610510"]
[EventCountry "GER"]
[EventRounds "11"]
[EventType "swiss"]
[EventDate "2024.05.18"]

1. e4 {[%clk 01:15:59]} e5 {[%clk 01:15:19]} {[%emt 00:00:42]} 2. Nf3 {[%clk
01:16:23]} {[%emt 00:00:06]} d6 {[%clk 01:14:19]} {[%emt 00:01:30]} 3. d4
{[%clk 01:16:45]} {[%emt 00:00:07]} exd4 {[%clk 01:12:55]} {[%emt 00:01:54]} 4.
Nxd4 {[%clk 01:17:05]} {[%emt 00:00:10]} Nf6 {[%clk 01:10:53]} {[%emt
00:02:34]} 5. Nc3 {[%clk 01:16:48]} {[%emt 00:00:45]} b6 {[%clk 01:08:40]}
{[%emt 00:02:43]} 6. Bf4 {[%clk 01:07:41]} {[%emt 00:09:37]} Be7 {[%clk
01:05:33]} {[%emt 00:03:38]} 7. Qd2 {[%clk 01:05:22]} {[%emt 00:02:48]} Bb7
{[%clk 01:00:02]} {[%emt 00:06:01]} 8. Bd3 {[%clk 01:05:40]} {[%emt 00:00:12]}
O-O {[%clk 00:57:48]} {[%emt 00:02:45]} 9. f3 {[%clk 01:04:22]} {[%emt
00:01:47]} Re8 {[%clk 00:55:38]} {[%emt 00:02:41]} 10. O-O-O {[%clk 01:03:25]}
{[%emt 00:01:26]} Nbd7 {[%clk 00:53:01]} {[%emt 00:03:08]} 11. h4 {[%clk
01:01:51]} {[%emt 00:02:03]} Nh5 {[%clk 00:46:45]} {[%emt 00:06:46]} 12. Bg5
{[%clk 00:58:38]} {[%emt 00:03:42]} h6 {[%clk 00:42:07]} {[%emt 00:05:09]} 13.
Bxe7 {[%clk 00:58:34]} {[%emt 00:00:34]} Qxe7 {[%clk 00:39:06]} {[%emt
00:03:30]} 14. g4 {[%clk 00:58:24]} {[%emt 00:00:40]} Nhf6 {[%clk 00:38:02]}
{[%emt 00:01:36]} 15. g5 {[%clk 00:58:13]} {[%emt 00:00:40]} Nh5 {[%clk
00:35:00]} {[%emt 00:03:32]} 16. gxh6 {[%clk 00:58:15]} {[%emt 00:00:28]} Ne5
{[%clk 00:32:59]} {[%emt 00:02:32]} 17. Be2 {[%clk 00:58:21]} {[%emt 00:00:23]}
Ng3 {[%clk 00:31:48]} {[%emt 00:01:42]} 18. Rh3 {[%clk 00:55:07]} {[%emt
00:03:37]} Nxe2+ {[%emt 00:01:20]} 19. Ndxe2 {[%clk 00:55:12]} {[%emt
00:00:20]} Qf6 {[%clk 00:30:03]} {[%emt 00:01:37]} 20. Nd5 {[%clk 00:49:58]}
{[%emt 00:05:44]} Bxd5 {[%clk 00:29:28]} {[%emt 00:01:04]} 21. Qxd5 {[%clk
00:49:59]} {[%emt 00:00:29]} Qxh6+ {[%clk 00:28:34]} {[%emt 00:01:24]} 22. Kb1
{[%clk 00:50:23]} {[%emt 00:00:07]} Qe6 {[%clk 00:26:46]} {[%emt 00:02:17]} 23.
Qxe6 {[%clk 00:50:19]} {[%emt 00:00:34]} Rxe6 {[%clk 00:26:58]} {[%emt
00:00:19]} 24. Nd4 {[%clk 00:50:23]} {[%emt 00:00:25]} Rh6 {[%clk 00:25:49]}
{[%emt 00:01:39]} 25. Nf5 {[%clk 00:50:39]} {[%emt 00:00:15]} Re6 {[%clk
00:24:46]} {[%emt 00:01:31]} 26. Rg1 {[%clk 00:49:58]} {[%emt 00:01:10]} Kh7
{[%clk 00:22:25]} {[%emt 00:02:54]} 27. Rxg7+ {[%clk 00:50:08]} {[%emt
00:00:20]} Kh8 {[%clk 00:22:12]} {[%emt 00:00:43]} 28. Rhg3 {[%clk 00:50:08]}
{[%emt 00:00:29]} Rg6 {[%clk 00:20:50]} {[%emt 00:01:49]} 29. R7xg6 {[%clk
00:49:21]} {[%emt 00:01:20]} Nxg6 {[%clk 00:20:31]} {[%emt 00:00:49]} 30. Kc1
{[%clk 00:47:53]} {[%emt 00:01:58]} Rg8 {[%clk 00:19:53]} {[%emt 00:01:08]} 31.
Rg4 {[%clk 00:47:33]} {[%emt 00:00:50]} Ne5 {[%clk 00:18:03]} {[%emt 00:02:21]}
32. Rxg8+ {[%clk 00:46:50]} {[%emt 00:01:12]} Kxg8 {[%clk 00:18:24]} {[%emt
00:00:09]} 33. Ne7+ {[%clk 00:45:39]} {[%emt 00:01:41]} Kf8 {[%clk 00:18:13]}
{[%emt 00:00:42]} 34. f4 {[%clk 00:45:59]} {[%emt 00:00:09]} Kxe7 {[%clk
00:17:52]} {[%emt 00:00:51]} 35. fxe5 {[%clk 00:46:25]} {[%emt 00:00:04]} dxe5
{[%clk 00:17:50]} {[%emt 00:00:32]} 36. Kd2 {[%clk 00:46:45]} {[%emt 00:00:10]}
Kf6 {[%clk 00:17:21]} {[%emt 00:01:00]} 37. Ke3 {[%clk 00:47:10]} {[%emt
00:00:04]} Kg6 {[%clk 00:17:37]} {[%emt 00:00:14]} 38. Kf3 {[%clk 00:47:26]}
{[%emt 00:00:14]} Kh5 {[%clk 00:17:48]} {[%emt 00:00:19]} 39. Kg3 {[%clk
00:47:52]} {[%emt 00:00:05]} f6 {[%clk 00:17:55]} {[%emt 00:00:22]} 40. a4
{[%clk 00:48:16]} {[%emt 00:00:06]} c6 {[%clk 00:17:16]} {[%emt 00:01:09]} 41.
b3 {[%clk 00:48:20]} {[%emt 00:00:26]} a5 {[%clk 00:17:11]} {[%emt 00:00:35]}
42. c3 {[%clk 00:48:34]} {[%emt 00:00:16]} b5 {[%clk 00:17:02]} {[%emt
00:00:40]} 43. c4 {[%clk 00:48:54]} {[%emt 00:00:10]} bxa4 {[%clk 00:17:16]}
{[%emt 00:00:15]} 44. bxa4 {[%clk 00:49:16]} {[%emt 00:00:09]} c5 {[%clk
00:17:32]} {[%emt 00:00:14]} 45. Kh3 {[%clk 00:49:42]} {[%emt 00:00:04]} Kh6
{[%clk 00:17:18]} {[%emt 00:00:44]} 46. Kg4 {[%clk 00:50:04]} {[%emt 00:00:07]}
Kg6 {[%clk 00:15:13]} {[%emt 00:02:35]} 47. h5+ {[%clk 00:50:14]} {[%emt
00:00:20]} Kh6 {[%clk 00:15:27]} {[%emt 00:00:17]} 48. Kf5 {[%clk 00:50:37]}
{[%emt 00:00:06]} Kxh5 {[%clk 00:15:51]} {[%emt 00:00:07]} 49. Kxf6 {[%clk
00:51:03]} {[%emt 00:00:04]} Kg4 {[%clk 00:16:08]} {[%emt 00:00:13]} 50. Kxe5
{[%clk 00:51:28]} {[%emt 00:00:05]} Kf3 {[%clk 00:16:17]} {[%emt 00:00:20]} 51.
Kd5 {[%clk 00:51:53]} {[%emt 00:00:05]} Ke3 {[%clk 00:16:28]} {[%emt 00:00:19]}
52. e5 {[%clk 00:52:12]} {[%emt 00:00:12]} Kd3 {[%clk 00:16:51]} {[%emt
00:00:07]} 53. Kxc5 {[%clk 00:52:36]} {[%emt 00:00:06]} Ke4 {[%clk 00:16:53]}
{[%emt 00:00:27]} 54. e6 {[%clk 00:53:02]} {[%emt 00:00:04]} Ke5 {[%clk
00:17:16]} {[%emt 00:00:07]} 55. e7 {[%clk 00:53:29]} {[%emt 00:00:04]} Ke6
{[%clk 00:17:34]} {[%emt 00:00:12]} 56. e8=Q+ {[%clk 00:53:54]} {[%emt
00:00:05]} Kf6 {[%clk 00:17:56]} {[%emt 00:00:08]} 57. Qd7 {[%clk 00:54:17]}
{[%emt 00:00:07]} Kg6 {[%clk 00:18:16]} {[%emt 00:00:10]} 58. Qe7 {[%clk
00:54:36]} {[%emt 00:00:11]} Kf5 {[%clk 00:18:24]} {[%emt 00:00:21]} 59. Qd6
{[%clk 00:55:02]} {[%emt 00:00:05]} Ke4 {[%clk 00:18:41]} {[%emt 00:00:12]} 60.
Kb5 {[%clk 00:55:24]} {[%emt 00:00:08]} Ke3 {[%clk 00:19:12]} {[%emt 00:01:13]}
61. Qd5 {[%clk 00:57:23]} {[%emt 00:00:30]} Kf4 {[%clk 00:19:29]} {[%emt
00:00:12]} 62. Qe6 {[%clk 00:57:46]} {[%emt 00:00:08]} Kf3 {[%clk 00:19:43]}
{[%emt 00:00:15]} 63. Qe5 {[%clk 00:58:13]} {[%emt 00:00:04]} Kg4 {[%clk
00:20:02]} {[%emt 00:00:10]} 64. Qf6 {[%clk 00:58:37]} {[%emt 00:00:08]} Kg3
{[%clk 00:20:22]} {[%emt 00:00:10]} 65. Qf5 {[%clk 00:59:01]} {[%emt 00:00:05]}
Kh4 {[%clk 00:20:44]} {[%emt 00:00:08]} 66. Qg6 {[%clk 00:59:22]} {[%emt
00:00:09]} Kh3 {[%clk 00:21:05]} {[%emt 00:00:09]} 67. Qg5 {[%clk 00:59:41]}
{[%emt 00:00:11]} Kh2 {[%clk 00:21:28]} {[%emt 00:00:07]} 68. Qg4 {[%clk
01:00:07]} {[%emt 00:00:04]} Kh1 {[%clk 00:21:55]} {[%emt 00:00:03]} 69. Kc5
{[%clk 01:00:33]} {[%emt 00:00:04]} Kh2 {[%clk 00:22:18]} {[%emt 00:00:07]} 70.
Kd4 {[%clk 01:00:58]} {[%emt 00:00:05]} Kh1 {[%clk 00:22:24]} {[%emt 00:00:24]}
71. Ke3 {[%clk 01:01:25]} {[%emt 00:00:04]} Kh2 {[%clk 00:22:47]} {[%emt
00:00:07]} 72. Kf2 {[%clk 01:01:52]} {[%emt 00:00:02]} Kh1 {[%clk 00:23:08]}
{[%emt 00:00:09]} 73. Qg2+ {[%emt 00:00:03]} 1-0

[Event "DEM U10w 2024"]
[Site "Willingen GER"]
[Date "2024.05.20"]
[Round "4"]
[White "Rhein, Linnea"]
[Black "Bashirova, Sona"]
[Result "0-1"]
[Termination "normal"]
[Board "4"]
[WhiteElo "1133"]
[BlackElo "1608"]
[WhiteClock "00:29:02"]
[BlackClock "00:49:02"]
[PlyCount "56"]
[WhiteFideId "34649018"]
[BlackFideId "34664033"]
[EventCountry "GER"]
[EventRounds "11"]
[EventType "swiss"]
[EventDate "2024.05.18"]

1. d4 {[%clk 01:15:58]} {[%emt 00:00:01]} d5 {[%clk 01:15:53]} {[%emt
00:00:07]} 2. Bf4 {[%clk 01:16:21]} {[%emt 00:00:07]} Nf6 {[%clk 01:16:17]}
{[%emt 00:00:07]} 3. e3 {[%clk 01:16:36]} {[%emt 00:00:15]} e6 {[%clk
01:16:30]} {[%emt 00:00:16]} 4. Nf3 {[%clk 01:16:43]} {[%emt 00:00:23]} Bd6
{[%clk 01:15:32]} {[%emt 00:01:27]} 5. Bg3 {[%clk 01:16:38]} {[%emt 00:00:36]}
b6 {[%clk 01:15:42]} {[%emt 00:00:20]} 6. Bd3 {[%clk 01:16:20]} {[%emt
00:00:48]} O-O {[%clk 01:14:52]} {[%emt 00:01:20]} 7. Nbd2 {[%clk 01:16:07]}
{[%emt 00:00:43]} c5 {[%clk 01:15:10]} {[%emt 00:00:11]} 8. c3 {[%clk
01:14:43]} {[%emt 00:01:54]} Bb7 {[%clk 01:15:12]} {[%emt 00:00:29]} 9. O-O
{[%clk 01:11:21]} {[%emt 00:03:52]} Nc6 {[%clk 01:13:11]} {[%emt 00:02:31]} 10.
e4 {[%clk 01:09:33]} {[%emt 00:02:18]} dxe4 {[%clk 01:12:05]} {[%emt 00:01:36]}
11. Nxe4 {[%clk 01:09:02]} {[%emt 00:01:00]} Bxg3 {[%clk 01:06:21]} {[%emt
00:06:15]} 12. Nxf6+ {[%clk 01:07:51]} {[%emt 00:01:41]} Qxf6 {[%clk 01:06:33]}
{[%emt 00:00:18]} 13. hxg3 {[%clk 01:08:05]} {[%emt 00:00:17]} cxd4 {[%clk
01:04:28]} {[%emt 00:02:34]} 14. cxd4 {[%clk 01:07:44]} {[%emt 00:00:51]} Rfd8
{[%clk 01:00:53]} {[%emt 00:04:05]} 15. Qc2 {[%clk 00:59:21]} {[%emt 00:08:53]}
g6 {[%clk 00:58:31]} {[%emt 00:02:53]} 16. Be4 {[%clk 00:57:29]} {[%emt
00:02:21]} Rac8 {[%clk 00:53:19]} {[%emt 00:05:41]} 17. Qa4 {[%clk 00:52:28]}
{[%emt 00:05:30]} a5 {[%clk 00:51:42]} {[%emt 00:02:10]} 18. Ne5 {[%clk
00:51:43]} {[%emt 00:01:10]} Rxd4 {[%clk 00:51:12]} {[%emt 00:01:04]} 19. Qxd4
{[%clk 00:35:21]} {[%emt 00:16:52]} Nxd4 {[%clk 00:51:17]} {[%emt 00:00:25]}
20. Bxb7 {[%clk 00:35:38]} {[%emt 00:00:13]} Rc7 {[%clk 00:51:11]} {[%emt
00:00:36]} 21. Ng4 {[%clk 00:32:36]} {[%emt 00:03:30]} Qg5 {[%clk 00:47:27]}
{[%emt 00:04:10]} 22. Bf3 {[%clk 00:32:09]} {[%emt 00:01:03]} Nxf3+ {[%clk
00:47:46]} {[%emt 00:00:11]} 23. gxf3 {[%clk 00:32:27]} {[%emt 00:00:12]} h5
{[%clk 00:47:52]} {[%emt 00:00:24]} 24. Ne3 {[%clk 00:30:49]} {[%emt 00:02:05]}
h4 {[%clk 00:48:13]} {[%emt 00:00:12]} 25. Ng4 {[%clk 00:29:58]} {[%emt
00:01:10]} hxg3 {[%clk 00:47:56]} {[%emt 00:00:58]} 26. fxg3 {[%clk 00:30:15]}
{[%emt 00:00:13]} f5 {[%clk 00:48:20]} {[%emt 00:00:07]} 27. Nh2 {[%clk
00:28:42]} {[%emt 00:02:02]} Qxg3+ {[%clk 00:48:39]} {[%emt 00:00:11]} 28. Kh1
{[%clk 00:29:02]} {[%emt 00:00:09]} Rc2 {[%clk 00:49:02]} {[%emt 00:00:09]} 0-1

[Event "DEM U10w 2024"]
[Site "Willingen GER"]
[Date "2024.05.20"]
[Round "4"]
[White "Elsayed Esam, Sally"]
[Black "Lao, Theodora Siyuan"]
[Result "1-0"]
[Termination "normal"]
[Board "5"]
[WhiteElo "1584"]
[BlackElo "1087"]
[WhiteClock "01:18:49"]
[BlackClock "01:19:29"]
[PlyCount "101"]
[WhiteFideId "34662170"]
[BlackFideId "34667547"]
[EventCountry "GER"]
[EventRounds "11"]
[EventType "swiss"]
[EventDate "2024.05.18"]

1. d4 {[%clk 01:15:57]} {[%emt 00:00:02]} d5 {[%clk 01:15:55]} {[%emt
00:00:05]} 2. Bf4 {[%clk 01:16:18]} {[%emt 00:00:09]} Nf6 {[%clk 01:16:15]}
{[%emt 00:00:10]} 3. Nc3 {[%clk 01:16:34]} {[%emt 00:00:13]} Nc6 {[%clk
01:16:22]} {[%emt 00:00:25]} 4. Nb5 {[%clk 01:16:05]} {[%emt 00:00:58]} e5
{[%clk 01:16:00]} {[%emt 00:00:52]} 5. dxe5 {[%clk 01:14:54]} {[%emt 00:01:40]}
Nh5 {[%clk 01:15:47]} {[%emt 00:00:43]} 6. Bg3 {[%clk 01:13:58]} {[%emt
00:01:27]} Nxg3 {[%clk 01:15:46]} {[%emt 00:00:30]} 7. hxg3 {[%clk 01:14:20]}
{[%emt 00:00:09]} Nxe5 {[%clk 01:16:01]} {[%emt 00:00:14]} 8. Qxd5 {[%clk
01:13:10]} {[%emt 00:01:41]} Qxd5 {[%clk 01:15:23]} {[%emt 00:01:08]} 9. Nxc7+
{[%clk 01:13:32]} {[%emt 00:00:08]} Kd8 {[%clk 01:15:24]} {[%emt 00:00:27]} 10.
Nxd5 {[%clk 01:13:56]} {[%emt 00:00:09]} Bc5 {[%clk 01:15:31]} {[%emt
00:00:21]} 11. e3 {[%clk 01:13:42]} {[%emt 00:00:46]} Re8 {[%clk 01:15:20]}
{[%emt 00:00:38]} 12. O-O-O {[%clk 01:13:33]} {[%emt 00:00:42]} Rh8 {[%clk
01:14:31]} {[%emt 00:01:18]} 13. Nb6+ {[%clk 01:13:37]} {[%emt 00:00:26]} Bd7
{[%clk 01:14:05]} {[%emt 00:00:56]} 14. Nxa8 {[%clk 01:13:54]} {[%emt
00:00:13]} h6 {[%clk 01:13:25]} {[%emt 00:01:10]} 15. Rd5 {[%clk 01:13:41]}
{[%emt 00:00:43]} Bxe3+ {[%clk 01:13:12]} {[%emt 00:00:43]} 16. fxe3 {[%clk
01:13:56]} {[%emt 00:00:15]} f6 {[%clk 01:13:04]} {[%emt 00:00:37]} 17. Bb5
{[%clk 01:14:10]} {[%emt 00:00:17]} Nc6 {[%clk 01:13:01]} {[%emt 00:00:33]} 18.
Nf3 {[%clk 01:13:04]} {[%emt 00:01:35]} Re8 {[%clk 01:12:58]} {[%emt 00:00:25]}
19. Nd4 {[%clk 01:13:19]} {[%emt 00:00:23]} Kc8 {[%clk 01:12:27]} {[%emt
00:01:00]} 20. Nxc6 {[%clk 01:13:35]} {[%emt 00:00:16]} bxc6 {[%clk 01:12:13]}
{[%emt 00:00:44]} 21. Rc5 {[%clk 01:13:07]} {[%emt 00:00:59]} Kb7 {[%clk
01:12:15]} {[%emt 00:00:23]} 22. Rd1 {[%clk 01:13:25]} {[%emt 00:00:16]} cxb5
{[%clk 01:12:18]} {[%emt 00:00:28]} 23. Rxd7+ {[%clk 01:13:13]} {[%emt
00:00:42]} Kxa8 {[%clk 01:12:20]} {[%emt 00:00:27]} 24. Rcc7 {[%clk 01:13:33]}
{[%emt 00:00:09]} Rxe3 {[%clk 01:12:11]} {[%emt 00:00:40]} 25. Rxa7+ {[%clk
01:13:47]} {[%emt 00:00:16]} Kb8 {[%clk 01:12:32]} {[%emt 00:00:08]} 26. Rdb7+
{[%clk 01:14:08]} {[%emt 00:00:09]} Kc8 {[%clk 01:12:46]} {[%emt 00:00:17]} 27.
Rxg7 {[%clk 01:14:25]} {[%emt 00:00:13]} Kb8 {[%clk 01:12:56]} {[%emt
00:00:20]} 28. Rab7+ {[%clk 01:14:22]} {[%emt 00:00:33]} Kc8 {[%clk 01:13:08]}
{[%emt 00:00:14]} 29. Rxb5 {[%clk 01:14:04]} {[%emt 00:00:53]} Re2 {[%clk
01:12:59]} {[%emt 00:00:37]} 30. Rf5 {[%clk 01:14:03]} {[%emt 00:00:32]} Re6
{[%clk 01:12:53]} {[%emt 00:00:30]} 31. Rh5 {[%clk 01:14:10]} {[%emt 00:00:27]}
Re8 {[%clk 01:12:53]} {[%emt 00:00:29]} 32. Rxh6 {[%emt 00:00:58]} Rf8 {[%clk
01:12:13]} {[%emt 00:00:25]} 33. Rgg6 {[%clk 01:14:40]} {[%emt 00:00:19]} Kd8
{[%clk 01:12:13]} {[%emt 00:00:29]} 34. Rxf6 {[%clk 01:14:43]} {[%emt
00:00:28]} Rxf6 {[%clk 01:12:34]} {[%emt 00:00:10]} 35. Rxf6 {[%clk 01:15:03]}
{[%emt 00:00:10]} Ke7 {[%clk 01:12:59]} {[%emt 00:00:05]} 36. Ra6 {[%clk
01:15:09]} {[%emt 00:00:23]} Kd7 {[%clk 01:13:18]} {[%emt 00:00:12]} 37. g4
{[%clk 01:15:14]} {[%emt 00:00:26]} Kc7 {[%clk 01:13:26]} {[%emt 00:00:22]} 38.
g5 {[%clk 01:15:30]} {[%emt 00:00:13]} Kd7 {[%clk 01:13:50]} {[%emt 00:00:06]}
39. c4 {[%clk 01:15:51]} {[%emt 00:00:09]} Ke7 {[%clk 01:14:14]} {[%emt
00:00:07]} 40. c5 {[%clk 01:16:11]} {[%emt 00:00:09]} Kf7 {[%clk 01:14:33]}
{[%emt 00:00:11]} 41. c6 {[%clk 01:16:27]} {[%emt 00:00:14]} Kg6 {[%clk
01:14:54]} {[%emt 00:00:09]} 42. c7+ {[%clk 01:16:49]} {[%emt 00:00:08]} Kxg5
{[%clk 01:17:11]} {[%emt 00:01:10]} 43. c8=Q {[%clk 01:17:25]} {[%emt
00:01:10]} Kf4 {[%clk 01:17:37]} {[%emt 00:00:04]} 44. Ra5 {[%clk 01:17:12]}
{[%emt 00:00:42]} Ke4 {[%clk 01:17:46]} {[%emt 00:00:21]} 45. Qc4+ {[%clk
01:17:25]} {[%emt 00:00:18]} Ke3 {[%clk 01:18:06]} {[%emt 00:00:10]} 46. Ra3+
{[%clk 01:17:46]} {[%emt 00:00:09]} Kf2 {[%clk 01:18:25]} {[%emt 00:00:11]} 47.
Rd3 {[%clk 01:18:07]} {[%emt 00:00:08]} Kg1 {[%clk 01:18:46]} {[%emt 00:00:09]}
48. Rh3 {[%clk 01:18:04]} {[%emt 00:00:34]} Kf2 {[%clk 01:18:56]} {[%emt
00:00:20]} 49. Qc2+ {[%clk 01:18:20]} {[%emt 00:00:14]} Kg1 {[%clk 01:19:15]}
{[%emt 00:00:12]} 50. g4 {[%clk 01:18:26]} {[%emt 00:00:23]} Kf1 {[%clk
01:19:29]} {[%emt 00:00:14]} 51. Rh1 {[%clk 01:18:49]} {[%emt 00:00:09]} 1-0

[Event "DEM U10w 2024"]
[Site "Willingen GER"]
[Date "2024.05.20"]
[Round "4"]
[White "Vasilieva, Victoria"]
[Black "Xu, Dorothea Sicheng"]
[Result "0-1"]
[Termination "normal"]
[Board "6"]
[WhiteElo "1048"]
[BlackElo "1255"]
[WhiteClock "01:11:20"]
[BlackClock "00:53:02"]
[PlyCount "34"]
[WhiteFideId "533007071"]
[BlackFideId "34667539"]
[EventCountry "GER"]
[EventRounds "11"]
[EventType "swiss"]
[EventDate "2024.05.18"]

1. d4 {[%clk 01:15:57]} {[%emt 00:00:02]} d5 {[%clk 01:15:54]} {[%emt
00:00:07]} 2. Nf3 {[%clk 01:16:19]} {[%emt 00:00:07]} Nf6 {[%clk 01:16:05]}
{[%emt 00:00:20]} 3. Bf4 {[%clk 01:16:41]} {[%emt 00:00:08]} c5 {[%clk
01:16:17]} {[%emt 00:00:17]} 4. c4 {[%clk 01:16:58]} {[%emt 00:00:12]} Nc6
{[%clk 01:15:25]} {[%emt 00:01:23]} 5. Nc3 {[%clk 01:17:02]} {[%emt 00:00:27]}
e6 {[%clk 01:14:12]} {[%emt 00:01:43]} 6. e3 {[%clk 01:17:21]} {[%emt
00:00:11]} Bd6 {[%clk 01:13:16]} {[%emt 00:01:26]} 7. Ne5 {[%clk 01:17:00]}
{[%emt 00:00:51]} O-O {[%clk 01:11:33]} {[%emt 00:02:13]} 8. Nxc6 {[%clk
01:15:59]} {[%emt 00:01:30]} bxc6 {[%clk 01:11:47]} {[%emt 00:00:17]} 9. Bg5
{[%clk 01:16:00]} {[%emt 00:00:29]} cxd4 {[%clk 01:06:11]} {[%emt 00:06:07]}
10. exd4 {[%clk 01:15:46]} {[%emt 00:00:42]} Re8 {[%clk 01:02:23]} {[%emt
00:04:19]} 11. Bd3 {[%clk 01:14:34]} {[%emt 00:01:41]} e5 {[%clk 01:00:33]}
{[%emt 00:02:21]} 12. O-O {[%clk 01:13:53]} {[%emt 00:01:10]} exd4 {[%clk
01:00:08]} {[%emt 00:00:55]} 13. Ne2 {[%clk 01:13:28]} {[%emt 00:00:55]} dxc4
{[%clk 00:59:09]} {[%emt 00:01:31]} 14. Bxc4 {[%clk 01:13:13]} {[%emt
00:00:44]} c5 {[%clk 00:57:40]} {[%emt 00:02:00]} 15. Qb3 {[%clk 01:13:05]}
{[%emt 00:00:37]} Be6 {[%clk 00:56:20]} {[%emt 00:01:50]} 16. Ng3 {[%clk
01:11:31]} {[%emt 00:02:04]} Rb8 {[%clk 00:53:01]} {[%emt 00:03:49]} 17. Qc3
{[%clk 01:11:20]} {[%emt 00:00:41]} dxc3 {[%clk 00:53:02]} {[%emt 00:00:29]}
0-1

[Event "DEM U10w 2024"]
[Site "Willingen GER"]
[Date "2024.05.20"]
[Round "4"]
[White "Preißler, Enie"]
[Black "Tiuca, Emma"]
[Result "0-1"]
[Termination "normal"]
[Board "7"]
[WhiteElo "1019"]
[BlackElo "1516"]
[WhiteClock "00:03:01"]
[BlackClock "01:08:36"]
[PlyCount "78"]
[BlackFideId "4007549"]
[EventCountry "GER"]
[EventRounds "11"]
[EventType "swiss"]
[EventDate "2024.05.18"]

1. d4 {[%clk 01:15:59]} d5 {[%clk 01:15:50]} {[%emt 00:00:10]} 2. Bf4 {[%clk
01:16:17]} {[%emt 00:00:12]} c6 {[%clk 01:16:09]} {[%emt 00:00:10]} 3. c3
{[%clk 01:16:28]} {[%emt 00:00:20]} Qb6 {[%clk 01:16:29]} {[%emt 00:00:09]} 4.
Qb3 {[%clk 01:16:41]} {[%emt 00:00:19]} Qxb3 {[%clk 01:16:24]} {[%emt
00:00:35]} 5. axb3 {[%clk 01:16:54]} {[%emt 00:00:16]} Bf5 {[%clk 01:16:34]}
{[%emt 00:00:20]} 6. Nf3 {[%clk 01:15:31]} {[%emt 00:01:54]} Nf6 {[%clk
01:16:48]} {[%emt 00:00:16]} 7. h3 {[%clk 01:13:45]} {[%emt 00:02:16]} Ne4
{[%clk 01:15:52]} {[%emt 00:01:23]} 8. e3 {[%clk 01:12:22]} {[%emt 00:01:55]}
e6 {[%clk 01:15:48]} {[%emt 00:00:33]} 9. Nbd2 {[%clk 01:08:03]} {[%emt
00:04:50]} Nd7 {[%clk 01:15:28]} {[%emt 00:00:51]} 10. b4 {[%clk 01:04:18]}
{[%emt 00:04:15]} Ndf6 {[%clk 01:15:25]} {[%emt 00:00:33]} 11. Ne5 {[%clk
01:02:42]} {[%emt 00:02:06]} Nxd2 {[%clk 01:15:16]} {[%emt 00:00:39]} 12. Kxd2
{[%clk 01:01:52]} {[%emt 00:01:19]} Ne4+ {[%clk 01:15:32]} {[%emt 00:00:13]}
13. Ke1 {[%clk 01:01:34]} {[%emt 00:00:49]} f6 {[%clk 01:15:25]} {[%emt
00:00:36]} 14. Nf3 {[%clk 00:59:30]} {[%emt 00:02:35]} Bd6 {[%clk 01:13:38]}
{[%emt 00:02:16]} 15. Bxd6 {[%clk 00:55:19]} {[%emt 00:04:41]} Nxd6 {[%clk
01:13:58]} {[%emt 00:00:10]} 16. Ra3 {[%clk 00:42:18]} {[%emt 00:13:33]} Kd7
{[%clk 01:12:56]} {[%emt 00:01:28]} 17. g4 {[%clk 00:37:08]} {[%emt 00:05:43]}
Be4 {[%clk 01:13:02]} {[%emt 00:00:23]} 18. Bg2 {[%clk 00:37:00]} {[%emt
00:00:39]} Nc4 {[%clk 01:12:59]} {[%emt 00:00:32]} 19. Ra2 {[%clk 00:31:44]}
{[%emt 00:05:48]} Rhe8 {[%clk 01:13:12]} {[%emt 00:00:15]} 20. Rg1 {[%clk
00:23:27]} {[%emt 00:08:48]} e5 {[%clk 01:12:57]} {[%emt 00:00:44]} 21. dxe5
{[%clk 00:20:36]} {[%emt 00:03:23]} fxe5 {[%clk 01:13:01]} {[%emt 00:00:25]}
22. Kd1 {[%clk 00:17:09]} {[%emt 00:03:57]} Kd6 {[%clk 01:09:21]} {[%emt
00:04:09]} 23. Nd2 {[%clk 00:15:02]} {[%emt 00:02:38]} Bd3 {[%clk 01:09:07]}
{[%emt 00:00:41]} 24. Nxc4+ {[%clk 00:13:42]} {[%emt 00:01:53]} Bxc4 {[%clk
01:09:29]} {[%emt 00:00:08]} 25. Ra1 {[%clk 00:13:05]} {[%emt 00:01:07]} Rf8
{[%clk 01:09:43]} {[%emt 00:00:16]} 26. f3 {[%clk 00:11:57]} {[%emt 00:01:38]}
a6 {[%clk 01:09:38]} {[%emt 00:00:33]} 27. Kc2 {[%clk 00:10:13]} {[%emt
00:02:16]} Be2 {[%clk 01:09:06]} {[%emt 00:01:01]} 28. f4 {[%clk 00:07:39]}
{[%emt 00:03:05]} exf4 {[%clk 01:09:18]} {[%emt 00:00:18]} 29. exf4 {[%clk
00:08:02]} {[%emt 00:00:08]} Rxf4 {[%clk 01:09:30]} {[%emt 00:00:17]} 30. Rae1
{[%clk 00:06:13]} {[%emt 00:02:19]} Rf2 {[%clk 01:08:43]} {[%emt 00:01:15]} 31.
Bh1 {[%clk 00:06:06]} {[%emt 00:00:39]} Bxg4+ {[%clk 01:08:37]} {[%emt
00:00:35]} 32. Kb3 {[%clk 00:05:07]} {[%emt 00:01:29]} Bxh3 {[%clk 01:08:15]}
{[%emt 00:00:53]} 33. Rxg7 {[%clk 00:05:08]} {[%emt 00:00:28]} Raf8 {[%clk
01:07:38]} {[%emt 00:01:04]} 34. Rxh7 {[%clk 00:03:36]} {[%emt 00:02:06]} Bf1
{[%clk 01:07:41]} {[%emt 00:00:26]} 35. Ree7 {[%clk 00:03:23]} {[%emt
00:00:44]} Bc4+ {[%clk 01:07:45]} {[%emt 00:00:24]} 36. Ka3 {[%clk 00:03:06]}
{[%emt 00:00:50]} Rf1 {[%clk 01:07:48]} {[%emt 00:00:26]} 37. Rd7+ {[%clk
00:02:40]} {[%emt 00:00:56]} Ke6 {[%clk 01:08:02]} {[%emt 00:00:13]} 38. Rde7+
{[%clk 00:02:56]} {[%emt 00:00:17]} Kf6 {[%clk 01:08:13]} {[%emt 00:00:15]} 39.
Rxb7 {[%clk 00:03:01]} {[%emt 00:00:29]} Ra1# {[%clk 01:08:36]} {[%emt
00:00:07]} 0-1